00523nam a2200121Ia 4500008004100000100002000041245009600061245012500157260004900282260000900331650001300340856004800353170221s9999 xx 000 0 und d aAdrian L. Mayse aPerceptions of independence and auditor rotation: An examination of nonprofit organizations cAdrian L. Mayse, Howard University; Bobbie W. Daniels, Jackson State University; Yvonne Ellis, Georgia Gwinnett College. bJournal of Management and Marketing Research c2012 xBusiness uhttp://www.aabri.com/manuscripts/152321.pdf